000 00292nam a22001337a 4500
008 171221b xxu||||| |||| 00| 0 eng d
020 _a086542117
041 _aeng
080 _a616-053.2
100 _a8
101 _aPED
245 _aPEDIATRIC OPHTHAMOLOGY
_cTAYLOT.D
942 _2udc
_cBK
999 _c39253
_d39253